Complementary and alternative medicine in rehabilitation /

Bibliographic Details
Main Author: Leskowitz, Eric D.
Format: Book
Language:English
Published: New York : Churchill Livingstone, [2003]
Series:Medical guides to complementary and alternative medicine.
Subjects:

MARC

Tag First Indicator Second Indicator Subfields
LEADER 00000cam a22000004a 4500
001 in00001721113
005 20151024184657.0
008 020810s2003 nyua b 001 0 eng
010 |a  2002031379 
020 |a 0443065993 
035 |a (OCoLC)ocm50422957 
040 |a DLC  |c DLC  |d C#P  |d TXA  |d UtOrBLW 
042 |a pcc 
049 |a TXAM 
050 0 0 |a RM930  |b .L476 2003 
082 0 0 |a 617/.03  |2 21 
100 1 |a Leskowitz, Eric D. 
245 1 0 |a Complementary and alternative medicine in rehabilitation /  |c Eric Leskowitz. 
264 1 |a New York :  |b Churchill Livingstone,  |c [2003] 
264 4 |c ©2003 
300 |a xxiv, 472 pages :  |b illustrations ;  |c 26 cm. 
336 |a text  |b txt  |2 rdacontent 
337 |a unmediated  |b n  |2 rdamedia 
338 |a volume  |b nc  |2 rdacarrier 
490 1 |a Medical guides to complementary & alternative medicine 
504 |a Includes bibliographical references and index. 
650 0 |a Medical rehabilitation. 
650 0 |a Alternative medicine. 
830 0 |a Medical guides to complementary and alternative medicine. 
948 |a cataloged  |b h  |c 2002/12/16  |e cmulkey  |f 8:41:36 
994 |a E0  |b TXA 
999 |a MARS 
999 f f |s 9441914c-7fd0-35eb-a8c0-2b6386cf44a8  |i 46066bef-d31b-34c6-8401-74bd8ac37005  |t 0 
952 f f |p ric  |a Texas A&M University  |b Rellis Campus  |c Joint Library Facility  |d Remote Storage  |t 0  |e RM930 .L476 2003  |h Library of Congress classification  |i unmediated -- volume  |m A14829592055 
998 f f |a RM930 .L476 2003  |t 0  |l Remote Storage